Statistics for WWE Champions

Click here to take the quiz!

General Stats

  • This quiz has been taken 504 times
  • The average score is 83 of 112

Answer Stats

# Answer % Correct
78John Cena
95%
81John Cena
95%
83Triple H
95%
76John Cena
95%
64Triple H
95%
52Triple H
95%
54Triple H
95%
85Triple H
95%
89Triple H
95%
103John Cena
95%
106John Cena
95%
108John Cena
95%
99John Cena
95%
97John Cena
95%
93John Cena
95%
95John Cena
95%
50Triple H
95%
56Triple H
95%
92Randy Orton
90%
90Randy Orton
90%
82Randy Orton
90%
94Randy Orton
90%
84Randy Orton
90%
101Randy Orton
90%
39Kane
88%
45The Rock
88%
59The Rock
88%
55The Rock
88%
67The Rock
88%
41The Rock
88%
111The Rock
88%
43The Rock
88%
57The Rock
88%
112John Cena
88%
17Undertaker
87%
47Undertaker
87%
66Undertaker
87%
35Undertaker
87%
48Stone Cold
84%
46Stone Cold
84%
60Stone Cold
84%
62Stone Cold
84%
38Stone Cold
84%
40Stone Cold
84%
10Hulk Hogan
83%
13Hulk Hogan
83%
18Hulk Hogan
83%
16Hulk Hogan
83%
65Hulk Hogan
83%
24Hulk Hogan
83%
77Edge
81%
110CM Punk
81%
104CM Punk
81%
80Edge
81%
86Edge
81%
88Edge
81%
32Shawn Michaels
80%
30Shawn Michaels
80%
37Shawn Michaels
80%
53Big Show
79%
69Big Show
79%
68Brock Lesnar
76%
73Brock Lesnar
76%
71Brock Lesnar
76%
91Batista
73%
98Batista
73%
105Rey Mysterio
72%
21Ric Flair
72%
19Ric Flair
72%
72Kurt Angle
70%
61Kurt Angle
70%
70Kurt Angle
70%
58Kurt Angle
70%
36Bret Hart
69%
26Bret Hart
69%
100Sheamus
69%
22Bret Hart
69%
29Bret Hart
69%
63Chris Jericho
69%
33Bret Hart
69%
96Sheamus
69%
102The Miz
67%
109Alberto Del Rio
65%
107Alberto Del Rio
65%
11Andre the Giant
65%
44Mankind
62%
42Mankind
62%
49Mankind
62%
87Jeff Hardy
61%
75JBL
61%
74Eddie Guerrero
60%
20Randy Savage
57%
12Randy Savage
57%
14Ultimate Warrior
57%
23Yokozuna
56%
25Yokozuna
56%
28Diesel
55%
6Bruno Sammartino
54%
2Bruno Sammartino
54%
79Rob Van Dam
49%
27Bob Backlund
44%
8Bob Backlund
44%
15Sgt. Slaughter
43%
1Buddy Rogers
39%
31Sid
36%
34Sid
36%
51Mr. McMahon
35%
9Iron Sheik
35%
4Pedro Morales
34%
3Ivan Koloff
30%
5Stan Stasiak
26%
7"Superstar" Billy Graham
25%

Score Distribution

Percentile by Number Answered

Percent of People with Each Score

Your Score History

You have not taken this quiz